header

The evolution of literature (Record no. 119948)

MARC details
000 -LEADER
fixed length control field 02003nam a2200409 a 4500
245 04 - TITLE STATEMENT
Title The evolution of literature
260 ## - PUBLICATION, DISTRIBUTION, ETC. (IMPRINT)
Place of publication Amsterdam ;
-- New York :
Name of publisher Rodopi,
Year of publication 2011.
300 ## - PHYSICAL DESCRIPTION
Number of Pages 346 p. :
Other physical details ill.
490 1# - SERIES STATEMENT
Series statement Internationale Forschungen zur allgemeinen und vergleichenden Literaturwissenschaft,
500 ## - GENERAL NOTE
General note This book emerges from an interdisciplinary comparative literature conference 'The Evolution of Literature: Legacies of Darwin in European Cultures', which was held at St. Mary's College, Durham University, from 4-6 April 2008.
650 #0 - SUBJECT ADDED ENTRY--TOPICAL TERM
Topical Term European literature
Topical Term Literature and science
Topical Term Evolution (Biology) in literature.
700 1# - ADDED ENTRY--PERSONAL NAME
Personal name Saul, Nicholas.
Personal name James, Simon J.
856 40 - ELECTRONIC LOCATION AND ACCESS
Uniform Resource Identifier http://site.ebrary.com/lib/rucke/Doc?id=10512344

No items available.

© 2026 Rongo University
Contact us: librarian | system librarian | Rongo university